Health care finance : (Record no. 515)

000 -LEADER
fixed length control field 01287nam a22003377a 4500
001 - CONTROL NUMBER
control field 2631666
003 - CONTROL NUMBER IDENTIFIER
control field OSt
005 - DATE AND TIME OF LATEST TRANSACTION
control field 20210420072154.0
008 - FIXED-LENGTH DATA ELEMENTS--GENERAL INFORMATION
fixed length control field 990629s2000 mdua b 001 0 eng
010 ## - LIBRARY OF CONGRESS CONTROL NUMBER
LC control number 99038261
020 ## - INTERNATIONAL STANDARD BOOK NUMBER
International Standard Book Number 0834212064
040 ## - CATALOGING SOURCE
Original cataloging agency eng
Transcribing agency DLC
Modifying agency eng
042 ## - AUTHENTICATION CODE
Authentication code pcc
050 00 - LIBRARY OF CONGRESS CALL NUMBER
Classification number RA971.3
Item number .B353 2000
080 ## - UNIVERSAL DECIMAL CLASSIFICATION NUMBER
Universal Decimal Classification number 614
Item number B-17
082 00 - DEWEY DECIMAL CLASSIFICATION NUMBER
Classification number 362.1/068/1
Edition number 21
100 1# - MAIN ENTRY--PERSONAL NAME
Personal name Baker, Judith J.
245 10 - TITLE STATEMENT
Title Health care finance :
Remainder of title basic tools for nonfinancial managers /
Statement of responsibility, etc. Judith J. Baker, R.W. Baker.
260 ## - PUBLICATION, DISTRIBUTION, ETC.
Place of publication, distribution, etc. Gaithersburg, Md. :
Name of publisher, distributor, etc. Aspen,
Date of publication, distribution, etc. 2000.
300 ## - PHYSICAL DESCRIPTION
Extent xiv, 263 p. :
Other physical details ill. ;
Dimensions 26 cm.
504 ## - BIBLIOGRAPHY, ETC. NOTE
Bibliography, etc. note Includes bibliographical references and index.
650 #0 - SUBJECT ADDED ENTRY--TOPICAL TERM
Topical term or geographic name entry element Health facilities
General subdivision Finance
Form subdivision Case studies.
650 #0 - SUBJECT ADDED ENTRY--TOPICAL TERM
Topical term or geographic name entry element Public Health
9 (RLIN) 337
650 #0 - SUBJECT ADDED ENTRY--TOPICAL TERM
Topical term or geographic name entry element Health facilities
General subdivision Accounting
Form subdivision Case studies.
653 ## - INDEX TERM--UNCONTROLLED
Uncontrolled term საზოგადოებრივი ჯანდაცვა
653 ## - INDEX TERM--UNCONTROLLED
Uncontrolled term საზოგადოებრივი ჯანდაცვის ფინანსები
700 1# - ADDED ENTRY--PERSONAL NAME
Personal name Baker, R. W.
906 ## - LOCAL DATA ELEMENT F, LDF (RLIN)
a 7
b cbc
c orignew
d 1
e ocip
f 19
g y-gencatlg
942 ## - ADDED ENTRY ELEMENTS (KOHA)
Source of classification or shelving scheme
Koha item type Books
Holdings
Withdrawn status Lost status Source of classification or shelving scheme Damaged status Not for loan Permanent location Current location Date acquired Inventory number Total Checkouts Full call number Barcode Date last seen Price effective from Koha item type
          Ken Walker International University Ken Walker International University 12/02/2020 172   614 B-17 172 12/02/2020 12/02/2020 Books

Powered by Koha